| 000 | 00573cam a2200205 a 4500 | ||
|---|---|---|---|
| 008 | |||
| 020 | _a007248439X (pbk.) | ||
| 049 | _aMAIN | ||
| 090 |
_aPN6120.2 _bHUD |
||
| 245 | 0 | 4 |
_aThe Hudson book of fiction : _b30 stories worth reading... / _c? |
| 260 |
_aBoston : _bMcGraw-Hill, _cc2002. |
||
| 300 |
_aviii, 328 p. ; _c21 cm. |
||
| 500 | _aIncludes index. | ||
| 650 | 0 | _aShort stories. | |
| 907 |
_a.b10294119 _b23-09-13 _c04-04-11 |
||
| 003 | |||
| 005 | 20230123125222.0 | ||
| 040 | _cNUST | ||
| 942 |
_cBOOKS _kPN6120.2 _mHUD |
||
| 999 |
_c137765 _d137765 |
||